000
00153nam a22000857a 4500
082
_a
823
100
_a
ELIZEBETH LINDSAY
245
_a
MAGIC PONY
942
_c
BK
999
_c
8414
_d
8414